000 01154nam a2200265 a 4500
005 20150220020002.0
008 140128b2007 ck ||||| |||| 00| 0 spa d
040 _aCO-BoIH
_cCO-BoIH
041 _aspa
044 _ack
090 _aIAVH
_b00770
100 1 _aLehmann Albornoz, Pablo Cesar
_95375
245 1 0 _aLineamientos para el manejo del componente de agua dulce metodología, resultados, conclusiones y recomendaciones portafolio final región Caribe, Andes- Catatumbo, Pacífico, Cuenca del río Cauca y Piedemonte amazonico (Cuenca de los ríos Putumayo y Caqueta) :
_binforme final
260 _aBogotá :
_bInstituto Alexander von Humboldt,
_c2007.
300 _a89 p.
_c28 cm.
500 _aContrato No. 07-06-486-0038PS
650 0 4 _aPlaneación Ambiental
_xhidrocarburos
_929046
650 0 4 _aCuencas hidrográficas
_zCaribe (Región, Colombia)
_929047
651 _aColombia
_zRegión Caribe
_zRegión Andina
_zRegión Pacífica
_zRegión Amazonas
_929048
651 _aColombia
_zRio Putumayo
_929049
651 _aColombia
_zRío Caqueta
_929050
651 _aColombia
_zRio Cauca
_929051
942 _cINFORME
_2z
_01
945 _d2008-06-17
999 _c6077
_d6077